Speed Typing: White Quiz Stats

 Plays Quiz Updated Mar 3, 2018

Challenge
Share
Tweet
Embed
Score 0/50 Timer 01:30
2 Plays Today
Hint Answer % Correct
????
100%
????
98.7%
????
98%
????
97.4%
????
97%
????
96.7%
????
96.5%
????
96.2%
????
96%
????
95.8%
????
95.5%
????
95.3%
????
95.2%
????
95%
????
94.8%
????
94.7%
????
94.6%
????
94.4%
????
94.1%
????
93.9%
????
93.7%
????
93.5%
????
93.2%
????
93%
????
92.5%
Hint Answer % Correct
????
92.1%
????
91.5%
????
90.8%
????
90%
????
88.9%
????
87.6%
????
86.1%
????
84.8%
????
83.4%
????
81.6%
????
79.5%
????
75.7%
????
72.3%
????
69.8%
????
66.4%
????
62%
????
57.2%
????
52.8%
????
48.5%
????
43.2%
????
37.9%
????
31.5%
????
25.1%
????
18.6%
????
13.7%

You're not logged in!

Compare scores with friends on all Sporcle quizzes.
OR
Log In

You Might Also Like...

Show Comments

Extras

Top Quizzes Today


Score Distribution

Your Account Isn't Verified!

In order to create a playlist on Sporcle, you need to verify the email address you used during registration. Go to your Sporcle Settings to finish the process.

Report this User

Report this user for behavior that violates our Community Guidelines.

Details: